000 00430nam a22001337a 4500
008 131213b xxu||||| |||| 00| 0 eng d
050 _aBX2350.2.N337 2012
100 _aNcube, Raphael M. Fr.
_95664
245 _aDingani Kuqala Umbuso WeZulu
_c Raphael M. Ncube Fr.
260 _aPlumtree
_bIlizwi Publications
_c2012
300 _aiv, 148p. ;
_c23cm.
650 _aSpiritual Life
_xCatholic authors
_95665
942 _2lcc
_cMONOGRAPH
999 _c119248
_d119248